000 00566nam a2200145Ia 4500
008 100204s9999 xx 000 0 und d
082 _b15031
100 _aपळणिटकर वा. दा.
245 _aश्री समर्थ चरित्रामृत
260 _b"श्री समर्थ सेवा मंडळ, सज्जनगड"
_c1973 6
300 _a144
630 _aश्री समर्थ चरित्रामृत
730 _aश्री समर्थ चरित्रामृत
942 _cBOOK
999 _c459462
_d459459